Психолого-педагогические и медицинские аспекты обеспечения профессиональной деятельности сотрудников ОВД (Запись № 11084499)

Подробности
000 -МАРКЕР
контрольное поле 02289nam0a2200373 i 4500
001 - ИДЕНТИФИКАТОР ЗАПИСИ
контрольное поле RU\NLR\BIBL_A\011322074
005 - ИДЕНТИФИКАТОР ВЕРСИИ
контрольное поле 20260407123752.0
010 ## - МЕЖДУНАРОДНЫЙ СТАНДАРТНЫЙ НОМЕР КНИГИ (ISBN)
Номер (ISBN) 9785724708715
Тираж 50
021 ## - НОМЕР ГОСУДАРСТВЕННОЙ РЕГИСТРАЦИИ
Код страны Российская Федерация
Номер 2017-440
Номер Листа государственной регистраци 33
035 ## - ДРУГИЕ СИСТЕМНЫЕ НОМЕРА
Идентификатор записи (NLR Aleph) 011322074
100 ## - ДАННЫЕ ОБЩЕЙ ОБРАБОТКИ
Данные общей обработки 20170207d2016 k y0rusy50 ca
101 0# - ЯЗЫК РЕСУРСА
Язык текста, звукозаписи и т.д. русский
102 ## - СТРАНА ПУБЛИКАЦИИ ИЛИ ПРОИЗВОДСТВА
Страна публикации Российская Федерация
105 ## - ПОЛЕ КОДИРОВАННЫХ ДАННЫХ: ТЕКСТОВЫЕ МАТЕРИАЛЫ, МОНОГРАФИЧЕСКИЕ
Кодированные данные о монографическом текстовом документе y z 000zy
200 1# - ЗАГЛАВИЕ И СВЕДЕНИЯ ОБ ОТВЕТСТВЕННОСТИ
Основное заглавие Психолого-педагогические и медицинские аспекты обеспечения профессиональной деятельности сотрудников ОВД
Сведения, относящиеся к заглавию монография
Первые сведения об ответственности [Э.Р. Исхаков - д.м.н., проф., В.Л. Линевич - к.психол.н., доц., Л.Г. Бикчинтаева - к.психол.н., доц., А.В. Гайнуллина - к.психол.н.]
Последующие сведения об ответственности М-во внутр. дел Рос. Федерации, ФГКОУ ВО Уфим. юрид. ин-т
210 ## - ПУБЛИКАЦИЯ, РАСПРОСТРАНЕНИЕ И ДР.
Место издания, распространения и т.д. Уфа
Имя издателя, распространителя и т. д. редакционно-издательский отдел Уфимского юридического института МВД России
Дата издания, распространения и т.д. 2016
215 ## - ФИЗИЧЕСКАЯ ХАРАКТЕРИСТИКА
Специфическое обозначение материала и объем 71 c.
Размеры 21
300 ## - ОБЩИЕ ПРИМЕЧАНИЯ
Текст примечания Авт. указаны на обороте тит. л.
320 ## - ПРИМЕЧАНИЯ О НАЛИЧИИ В ДОКУМЕНТЕ БИБЛИОГРАФИИ / УКАЗАТЕЛЯ
Текст примечания Библиогр.: с. 68-71 и в подстроч. примеч.
606 1# - НАИМЕНОВАНИЕ ТЕМЫ КАК ПРЕДМЕТ
Наименование темы Органы внутренних дел
Тематический подзаголовок Кадры
-- Профессиональная деятельность
-- Психолого-педагогический аспект
Системный номер авторитетной/нормативной записи 2098718
Идентификатор авторитетной/нормативной записи RU\NLR\AUTH\661269560
606 1# - НАИМЕНОВАНИЕ ТЕМЫ КАК ПРЕДМЕТ
Наименование темы Органы внутренних дел
Тематический подзаголовок Кадры
-- Профессиональная деятельность
Географический подзаголовок Российская Федерация
Системный номер авторитетной/нормативной записи 2363975
Идентификатор авторитетной/нормативной записи RU\NLR\AUTH\661411441
686 1# - ИНДЕКСЫ ДРУГИХ КЛАССИФИКАЦИЙ
Индекс Х621.163.01
686 1# - ИНДЕКСЫ ДРУГИХ КЛАССИФИКАЦИЙ
Индекс Ю947.29
701 #1 - ИМЯ ЛИЦА - АЛЬТЕРНАТИВНАЯ ОТВЕТСТВЕННОСТЬ
Начальный элемент ввода Исхаков
Часть имени, кроме начального элемента ввода Э. Р.
Расширение инициалов личного имени Эдуард Робертович
701 #1 - ИМЯ ЛИЦА - АЛЬТЕРНАТИВНАЯ ОТВЕТСТВЕННОСТЬ
Начальный элемент ввода Линевич
Часть имени, кроме начального элемента ввода В. Л.
Расширение инициалов личного имени Владимир Леонтьевич
701 #1 - ИМЯ ЛИЦА - АЛЬТЕРНАТИВНАЯ ОТВЕТСТВЕННОСТЬ
Начальный элемент ввода Бикчинтаева
Часть имени, кроме начального элемента ввода Л. Г.
Расширение инициалов личного имени Ляля Гильвановна
701 #1 - ИМЯ ЛИЦА - АЛЬТЕРНАТИВНАЯ ОТВЕТСТВЕННОСТЬ
Начальный элемент ввода Гайнуллина
Часть имени, кроме начального элемента ввода А. В.
Расширение инициалов личного имени Айгуль Вильевна
712 02 - НАИМЕНОВАНИЕ ОРГАНИЗАЦИИ - ВТОРИЧНАЯ ОТВЕТСТВЕННОСТЬ
Код отношения Прочие
Начальный элемент ввода Уфимский юридический институт
Идентификатор авторитетной/нормативной записи RU\NLR\AUTH\889963970
Системный номер авторитетной/нормативной записи 424180
942 ## - ДОПОЛНИТЕЛЬНЫЕ ЭЛЕМЕНТЫ ЗАПИСИ (АБИС)
Тип экземпляра АБИС Книга
980 ## - КОЛЛЕКЦИЯ
Название коллекции НБР

Нет доступных экземпляров.